[Event "STAR ALLIANCE XII"]
[Site "http://www.queenalice.com/game.php?id=1305359"]
[Date "2014.8.31"]
[Round "-"]
[White "rogeriooliveira"]
[Black "CaptCrap"]
[Result "0-1"]
[WhiteElo "1375"]
[BlackElo "1355"]

1. e4 e5 2. d4 exd4 3. Qxd4 Nc6 4. Qd5 Nf6 5. Qd3 d5 6. exd5 Nxd5 7. Nc3 Be6 8.
Nf3 a6 9. Be2 Ncb4 10. Qd1 Nxc3 11. bxc3 Nd5 12. Bc4 Nxc3 13. Qxd8+ Rxd8 14. Bd2
Ne4 15. O-O Nxd2 16. Rfd1 Nxc4 17. Rxd8+ Kxd8 18. Rd1+ Bd6 19. Nd4 Ke7 20. Nf3
h6 21. Re1 Re8 22. Nd4 Kd7 23. Re2 Ne5 24. g3 Bh3 25. Nf5 Nf3+ 26. Kh1 Rxe2 27.
c3 Re1# 0-1

[Event "KILO X"]
[Site "http://www.queenalice.com/game.php?id=1305608"]
[Date "2014.9.1"]
[Round "-"]
[White "rogeriooliveira"]
[Black "CaptCrap"]
[Result "0-1"]
[WhiteElo "1227"]
[BlackElo "1403"]

1. e4 c6 2. d4 e6 3. d5 cxd5 4. e5 Nc6 5. Nf3 d6 6. exd6 Bxd6 7. Nc3 Nge7 8. Bb5
O-O 9. O-O Qc7 10. Bxc6 Qxc6 11. Bg5 f6 12. Bd2 e5 13. Nh4 Be6 14. Re1 e4 15.
Re2 Bg4 16. f3 exf3 17. gxf3 Bh5 18. Qe1 g5 19. Ng2 Bxf3 20. Rf2 d4 21. Nd1 Bd5
22. Qf1 Be5 23. c3 dxc3 24. bxc3 Ng6 25. Nde3 Bxg2 26. Rxg2 Nf4 27. Rg4 Bxc3 28.
Bxc3 Qxc3 29. Nf5 Qc5+ 30. Qf2 Qxf5 31. Rxf4 Qxf4 32. Qb2 b6 33. Kg2 Rfe8 34.
Qb3+ Kg7 35. Rb1 Re2+ 36. Kg1 Qxh2+ 37. Kf1 Qf2# 0-1

[Event "LIMA XXXI"]
[Site "http://www.queenalice.com/game.php?id=1306592"]
[Date "2014.9.7"]
[Round "-"]
[White "rogeriooliveira"]
[Black "CaptCrap"]
[Result "0-1"]
[WhiteElo "1220"]
[BlackElo "1412"]

1. e4 d5 2. exd5 Qxd5 3. Nc3 Qd8 4. d3 e5 5. f3 Bd6 6. Be2 Be6 7. Nh3 Bxh3 8.
gxh3 Qh4+ 9. Kd2 Qxh3 10. Qg1 g6 11. Bf1 Qxf3 12. Be2 Qf6 13. Qf1 Qxf1 14. Rxf1
Ne7 15. Rf2 Nbc6 16. b3 Bb4 17. a3 Bc5 18. Bb2 Bxf2 19. Bg4 f5 20. Be2 Bd4 21.
Rf1 O-O-O 22. Bf3 a6 23. Bxc6 Nxc6 24. b4 Bxc3+ 25. Bxc3 Nd4 26. Bxd4 Rxd4 27.
Rf3 Rhd8 28. a4 Rxb4 29. a5 Rb5 30. Rh3 Rd7 31. c3 Rxa5 32. Rxh7 Rxh7 33. h4
Rxh4 34. Kc2 Rb5 35. c4 Ra5 36. Kb3 b6 37. Kb4 Rd4 38. Kc3 c5 39. Kc2 Ra3 40.
Kd2 Ra2+ 41. Ke3 g5 42. Kf3 Rxd3# 0-1

[Event "A FAZENDA 7 XVII"]
[Site "http://www.queenalice.com/game.php?id=1308875"]
[Date "2014.9.17"]
[Round "-"]
[White "rogeriooliveira"]
[Black "CaptCrap"]
[Result "0-1"]
[WhiteElo "1375"]
[BlackElo "1337"]

1. d4 d5 2. Nc3 c6 3. e3 Nf6 4. Nf3 Bg4 5. h3 Bh5 6. Rg1 Nbd7 7. Bd3 e6 8. Bd2
Bd6 9. Ke2 e5 10. dxe5 Nxe5 11. Qe1 Nxd3 12. cxd3 O-O 13. g4 Bg6 14. e4 dxe4 15.
dxe4 Nxe4 16. Nxe4 Bxe4 17. Rg3 Bxg3 18. fxg3 Re8 19. Rc1 Bxf3+ 20. Kf2 Rxe1 21.
Rxe1 Qxd2+ 22. Kf1 Qg2# 0-1

[Event "OS INCLIVEIS"]
[Site "http://www.queenalice.com/game.php?id=1317615"]
[Date "2014.10.24"]
[Round "-"]
[White "adelio"]
[Black "CaptCrap"]
[Result "1-0"]
[WhiteElo "1786"]
[BlackElo "1322"]

1. d4 c6 2. e4 d5 3. e5 Bf5 4. g4 Bg6 5. Be2 e6 6. h4 f5 7. exf6 Nxf6 8. h5 Bf7
9. Bg5 Be7 10. Bxf6 Bxf6 11. Nf3 Nd7 12. Nbd2 Qb6 13. Nb3 O-O-O 14. a4 c5 15. a5
Qc6 16. g5 Be7 17. Nxc5 Nxc5 18. Ne5 Qe8 19. dxc5 Bxg5 20. b4 Bf6 21. f4 Bxe5
22. fxe5 d4 23. b5 Rd5 24. Ra4 Rxc5 25. Rxd4 Rxe5 26. Rc4+ Kb8 27. Qd6+ Ka8 28.
Qxe5 Qd7 29. Qxg7 Rd8 30. Bd3 e5 31. Qxh7 Bxc4 32. Qxd7 Rxd7 33. Be4 Bxb5 34. h6
Rd8 35. h7 Rh8 36. Rg1 Bc4 37. Rg7 a6 38. Rxb7 1-0

[Event "OS INCLIVEIS"]
[Site "http://www.queenalice.com/game.php?id=1317616"]
[Date "2014.10.24"]
[Round "-"]
[White "CaptCrap"]
[Black "adelio"]
[Result "0-1"]
[WhiteElo "1303"]
[BlackElo "1807"]

1. e4 g6 2. d4 c5 3. c3 d5 4. e5 e6 5. Bd3 c4 6. Ne2 cxd3 7. Qxd3 Be7 8. Ng3 Nc6
9. O-O a6 10. Be3 b5 11. a3 h5 12. f4 h4 13. Ne2 Nh6 14. h3 Nf5 15. Bf2 Ng3 16.
Nxg3 hxg3 17. Bxg3 Ra7 18. Nd2 f5 19. exf6 Bxf6 20. Qxg6+ Rf7 21. Nf3 Ne7 22.
Qd3 Nf5 23. Bf2 Rg7 24. Ne5 Bxe5 25. fxe5 Qg5 26. Qf3 Rh4 27. Bxh4 Qxh4 28. Rf2
Rg3 29. Qf4 Qxh3 30. Re1 Rg8 31. Kf1 Ng3+ 0-1

[Event "Challenge"]
[Site "http://www.queenalice.com/game.php?id=1318464"]
[Date "2014.10.28"]
[Round "-"]
[White "gobblemate"]
[Black "CaptCrap"]
[Result "0-1"]
[WhiteElo "1059"]
[BlackElo "1390"]

1. d4 d5 2. Nf3 Nf6 3. c4 c6 4. Nc3 Bg4 5. e3 e6 6. Be2 Bd6 7. O-O O-O 8. cxd5
exd5 9. b3 Nbd7 10. Bb2 Qc7 11. h3 Bh5 12. Nd2 Bg6 13. Rc1 Qd8 14. Ndb1 Ne8 15.
Bf3 f5 16. Ba3 Bxa3 17. Nxa3 Qe7 18. Nc2 Nef6 19. b4 Ne4 20. Ne2 Ndf6 21. Nf4
Bf7 22. Qd3 Ng5 0-1

[Event "Challenge"]
[Site "http://www.queenalice.com/game.php?id=1318465"]
[Date "2014.10.28"]
[Round "-"]
[White "CaptCrap"]
[Black "gobblemate"]
[Result "1-0"]
[WhiteElo "1280"]
[BlackElo "1775"]

1. e4 c5 2. Nc3 e6 3. Nge2 Nc6 4. d4 cxd4 5. Nxd4 Nf6 6. Nxc6 bxc6 7. Bd3 d5 8.
exd5 exd5 9. O-O Bd6 10. Bd2 O-O 11. Ne2 Bxh2+ 12. Kxh2 Bg4 13. f3 Be6 14. Bg5
c5 15. c3 h6 16. Bh4 Qb8+ 17. Kh1 1-0

[Event "Challenge"]
[Site "http://www.queenalice.com/game.php?id=1322008"]
[Date "2014.11.13"]
[Round "-"]
[White "CaptCrap"]
[Black "Nimzou"]
[Result "1-0"]
[WhiteElo "1303"]
[BlackElo "1291"]

1. e4 f6 2. d4 e6 3. c3 Ne7 4. Bd3 Nbc6 5. Ne2 d6 6. O-O g5 7. f4 h6 8. fxg5
hxg5 9. Rxf6 Bg7 10. Rf1 Kd7 11. Bxg5 Qe8 12. Nf4 Ng6 13. d5 exd5 14. Qg4+ Qe6
15. Qxe6# 1-0

[Event "Challenge"]
[Site "http://www.queenalice.com/game.php?id=1322009"]
[Date "2014.11.13"]
[Round "-"]
[White "Nimzou"]
[Black "CaptCrap"]
[Result "0-1"]
[WhiteElo "1291"]
[BlackElo "1280"]

1. Nf3 c6 2. c4 d5 3. d3 Nf6 4. Nbd2 Bg4 5. h3 Bh5 6. Nd4 e5 7. N4f3 e4 8. Ng5
e3 9. fxe3 Bd6 10. Nxf7 Bxf7 11. Rg1 Bg3# 0-1

[Event "PAPA II"]
[Site "http://www.queenalice.com/game.php?id=1324855"]
[Date "2014.11.28"]
[Round "-"]
[White "rogeriooliveira"]
[Black "CaptCrap"]
[Result "0-1"]
[WhiteElo "1288"]
[BlackElo "1431"]

1. e4 c5 2. d4 cxd4 3. Qxd4 Nc6 4. Qd5 Nf6 5. Qd3 Nb4 6. Qe2 e5 7. Nf3 Nc6 8.
Nc3 Bb4 9. Bd2 O-O 10. O-O-O Qc7 11. g3 d6 12. Re1 Bg4 13. Bg2 Nd4 14. Qe3 Bxf3
15. Bxf3 a5 16. Bg4 Nxg4 17. Qg5 Nxf2 18. Rhf1 Nf3 19. Qe3 Nxe1 20. Rxe1 Ng4 21.
Qf3 Nxh2 22. Qg2 Ng4 23. Rh1 g6 24. Rh4 h5 25. Qh1 f5 26. exf5 Rxf5 27. a3 Bxc3
28. bxc3 Rc8 29. Kb2 Rcf8 30. Be1 Qb6+ 31. Ka2 Ne3 32. Qg1 Rf1 33. Qh2 Rxe1 34.
g4 Rb1 35. gxh5 Qb2# 0-1

[Event "Challenge"]
[Site "http://www.queenalice.com/game.php?id=1779653"]
[Date "2022.1.8"]
[Round "-"]
[White "CaptCrap"]
[Black "chessman"]
[Result "0-1"]
[WhiteElo "1441"]
[BlackElo "1986"]

1. e4 e6 2. d4 d5 3. e5 c5 4. Nf3 cxd4 5. Nxd4 Nc6 6. Nxc6 bxc6 7. Bd3 Qc7 8.
Bf4 Ne7 9. Nd2 Ng6 10. Bg3 Be7 11. O-O Nxe5 12. Qe2 Bd6 13. f4 Nxd3 14. cxd3 O-O
15. a3 Qb6+ 16. Kh1 Qxb2 17. Rfb1 Qf6 18. Rc1 c5 19. Rf1 Ba6 20. Nf3 Rab8 21.
Ne5 Rb3 22. Nd7 Qe7 23. Nxf8 Qxf8 24. Rfd1 c4 25. dxc4 Bxc4 26. Qc2 Rxa3 27.
Rxa3 Bxa3 28. Bf2 a5 29. Bb6 Bb4 30. Qa4 Bc3 31. Bd4 Bxd4 32. Rxd4 Qa8 0-1

[Event "Challenge"]
[Site "http://www.queenalice.com/game.php?id=1779654"]
[Date "2022.1.8"]
[Round "-"]
[White "ChessColossos"]
[Black "CaptCrap"]
[Result "1-0"]
[WhiteElo "2286"]
[BlackElo "1433"]

1. e4 c5 2. Nf3 Nc6 3. d4 cxd4 4. Nxd4 e5 5. Nb5 Nf6 6. N1c3 a6 7. Nd6+ Bxd6 8.
Qxd6 Qe7 9. Qd1 O-O 10. Bg5 h6 11. Nd5 Qd8 12. Nxf6+ Kh8 13. Qh5 d5 14. Nxd5
Qxg5 15. Qxg5 hxg5 16. Nb6 Rb8 17. O-O-O Be6 18. Be2 Nd4 19. Bd3 Rfd8 20. c3 Nc6
21. Bc4 Bxc4 22. Nxc4 b5 23. Nd6 Kg8 24. Rd5 f6 25. Rhd1 Kf8 26. Rc5 Rb6 27. Nf5
Rxd1+ 28. Kxd1 g6 29. Ne3 Ne7 30. Rc7 1-0

[Event "Challenge"]
[Site "http://www.queenalice.com/game.php?id=1779655"]
[Date "2022.1.8"]
[Round "-"]
[White "BankerRasmus"]
[Black "CaptCrap"]
[Result "1-0"]
[WhiteElo "2031"]
[BlackElo "1439"]

1. e4 e6 2. d4 d5 3. e5 c5 4. c3 Nc6 5. a3 Qb6 6. Nf3 cxd4 7. b4 dxc3 8. Be3 Qc7
9. Qa4 Bd7 10. Bb5 Nge7 11. Nxc3 g6 12. Bxc6 Bxc6 13. b5 Bd7 14. Rc1 Qd8 15. Bg5
Bg7 16. Bf6 O-O 17. g4 a6 18. Qb4 Re8 19. a4 axb5 20. axb5 Rc8 21. Ne2 Rxc1+ 22.
Nxc1 Bxf6 23. exf6 Nc8 24. g5 Nd6 25. Qxd6 Bxb5 26. Qb4 Ba6 27. Qh4 Qd6 28. Qh6
Qf8 29. h4 Qxh6 30. gxh6 1-0

[Event "Challenge"]
[Site "http://www.queenalice.com/game.php?id=1779656"]
[Date "2022.1.8"]
[Round "-"]
[White "CaptCrap"]
[Black "ricardoaurelio"]
[Result "0-1"]
[WhiteElo "1437"]
[BlackElo "1995"]

1. d4 d5 2. Nf3 Nf6 3. c3 Bg4 4. Bg5 Bxf3 5. exf3 h6 6. Bxf6 exf6 7. Bd3 Nc6 8.
O-O Bd6 9. Re1+ Ne7 10. Nd2 O-O 11. Nf1 Qd7 12. Ng3 c6 13. Qd2 Rac8 14. Re2 Rfe8
15. Rae1 Qc7 16. Bc2 Qd7 17. Qd3 Ng6 18. Nf5 Rxe2 19. Rxe2 Kf8 20. Nxd6 Qxd6 21.
g3 Qd7 22. Kg2 Re8 23. h4 Rxe2 24. Qxe2 Ne7 25. a3 Qe6 26. Qe3 Nf5 27. Bxf5 Qxf5
28. Qd2 g5 29. hxg5 fxg5 30. g4 Qe6 31. Kg3 Kg7 32. Kg2 f5 33. gxf5 Qxf5 34. Qe2
Kf7 35. Kg3 h5 36. Kg2 h4 37. Qe5 Qxe5 38. dxe5 Ke6 39. Kh3 Kxe5 0-1

[Event "Challenge"]
[Site "http://www.queenalice.com/game.php?id=1784387"]
[Date "2022.3.9"]
[Round "-"]
[White "chessman"]
[Black "CaptCrap"]
[Result "1-0"]
[WhiteElo "1999"]
[BlackElo "1435"]

1. e4 e5 2. Nf3 Nf6 3. Nxe5 d5 4. exd5 Nxd5 5. Be2 Bd6 6. Nf3 Nf4 7. O-O Nxe2+
8. Qxe2+ Be6 9. c3 O-O 10. d4 Re8 11. Qc2 Qd7 12. h3 Bxh3 13. Ne5 Qe6 14. Qd3
Bf5 15. Qb5 Nc6 16. Qxb7 Nxe5 17. dxe5 Bxe5 18. Nd2 Bd3 19. Rd1 Qh6 20. Nf3 Qg6
21. Nxe5 1-0

[Event "Challenge"]
[Site "http://www.queenalice.com/game.php?id=1784388"]
[Date "2022.3.9"]
[Round "-"]
[White "BankerRasmus"]
[Black "CaptCrap"]
[Result "1-0"]
[WhiteElo "2033"]
[BlackElo "1431"]

1. e4 e6 2. d4 c5 3. Nf3 cxd4 4. Bg5 f6 5. Ne5 g6 6. Qxd4 Bg7 7. Nc4 d5 8. Ne3
Nc6 9. Bb5 Bd7 10. Bxc6 Bxc6 11. Bh4 e5 12. Qb4 a5 13. Qb3 Ne7 14. exd5 Nxd5 15.
Nd2 Nxe3 16. fxe3 1-0

[Event "Challenge"]
[Site "http://www.queenalice.com/game.php?id=1787317"]
[Date "2022.4.19"]
[Round "-"]
[White "BankerRasmus"]
[Black "CaptCrap"]
[Result "1-0"]
[WhiteElo "2001"]
[BlackElo "1429"]

1. e4 c5 2. Nf3 Nc6 3. b3 e6 4. Bb5 a6 5. Bxc6 dxc6 6. Ba3 Nf6 7. e5 Nd5 8. c4
Nf4 9. O-O Be7 10. d4 cxd4 11. Bxe7 Qxe7 12. Nxd4 Qg5 13. Qf3 Qxe5 14. Nc3 Qxd4
15. Rad1 Qf6 16. Ne4 Qh6 17. Nd6+ Ke7 18. Rfe1 Rd8 19. Nf5+ 1-0

[Event "Challenge"]
[Site "http://www.queenalice.com/game.php?id=1787318"]
[Date "2022.4.19"]
[Round "-"]
[White "ChessColossos"]
[Black "CaptCrap"]
[Result "1-0"]
[WhiteElo "2361"]
[BlackElo "1427"]

1. c4 e5 2. Nc3 Nf6 3. g3 c6 4. Bg2 d5 5. d4 e4 6. Bg5 Be7 7. Bxf6 Bxf6 8. e3
Be6 9. Nge2 Nd7 10. cxd5 cxd5 11. Nf4 Nb6 12. O-O Qd7 13. a4 Bg4 14. Qb3 Be6 15.
a5 Nc4 16. Rfc1 O-O 17. Nfxd5 Bxd5 18. Nxd5 Qxd5 19. Qxc4 Qxc4 20. Rxc4 b6 21.
axb6 axb6 22. Rxa8 Rxa8 23. Bxe4 Kf8 24. Bxa8 1-0

[Event "Challenge"]
[Site "http://www.queenalice.com/game.php?id=1787319"]
[Date "2022.4.19"]
[Round "-"]
[White "chessman"]
[Black "CaptCrap"]
[Result "0-1"]
[WhiteElo "1909"]
[BlackElo "1425"]

1. e4 c5 2. Nf3 Nc6 3. d4 cxd4 4. Nxd4 e5 5. Nb5 d6 6. N5c3 Nf6 7. Be2 Be6 8.
O-O Be7 9. h3 O-O 10. Nd2 Nd4 11. Nb3 Nxe2+ 12. Qxe2 a6 13. Bg5 Rc8 14. Rfd1 Qb6
15. Qd3 Rfd8 16. Be3 Qc7 17. f3 Qd7 18. a3 Bxh3 19. gxh3 Qxh3 20. Qe2 Nh5 21.
Qg2 Qe6 22. Nd5 Bh4 23. Qg4 Qg6 24. c3 h6 25. Kh2 Qxg4 26. fxg4 Ng3 27. Bf2 Nf5
28. Bxh4 Nxh4 29. Ne7+ Kh7 30. Rf1 Rc7 31. Rxf7 Re8 32. Raf1 Rexe7 33. Rxe7 Rxe7
34. Nd2 Rd7 35. Nb3 Ng6 36. Kg3 Nf4 37. Rf2 Kg6 38. Rd2 Ne6 39. Rf2 Ng5 40. Nd2
d5 41. exd5 Rxd5 42. Kg2 e4 43. Re2 Kf6 44. Nxe4+ Nxe4 45. Rxe4 Rd2+ 46. Kf3
Rxb2 47. Rd4 Rb3 48. Rd6+ Kf7 0-1

[Event "Challenge"]
[Site "http://www.queenalice.com/game.php?id=1787922"]
[Date "2022.4.29"]
[Round "-"]
[White "CaptCrap"]
[Black "BankerRasmus"]
[Result "0-1"]
[WhiteElo "1455"]
[BlackElo "2008"]

1. d4 d5 2. Nf3 Nf6 3. Bf4 e6 4. e3 Ne4 5. Bd3 f6 6. Nbd2 Nxf2 7. Kxf2 g5 8. Bg3
g4 9. Nh4 f5 10. h3 h5 11. Ng6 Rh6 12. Nxf8 h4 13. Bf4 g3+ 14. Ke1 Qf6 15. Bxh6
Qxh6 16. Nxe6 Bxe6 17. Rf1 Qg5 18. Qe2 Nd7 19. Nf3 Qf6 20. c3 O-O-O 21. a4 f4
22. Nd2 c5 23. Rxf4 Qg5 24. Nf3 Qh6 25. dxc5 Nxc5 26. Rxh4 Qf6 27. Rf4 Qh8 28.
Nd4 Bd7 29. Rf3 Bxa4 30. Bf5+ Bd7 0-1

[Event "Challenge"]
[Site "http://www.queenalice.com/game.php?id=1789205"]
[Date "2022.5.19"]
[Round "-"]
[White "CaptCrap"]
[Black "BankerRasmus"]
[Result "0-1"]
[WhiteElo "1451"]
[BlackElo "2010"]

1. e4 e5 2. Nf3 Nc6 3. Be2 Nf6 4. Nc3 Bc5 5. O-O d6 6. d3 Bg4 7. Bg5 Qd7 8. a3
O-O-O 9. b4 Bb6 10. Na4 h6 11. Nxb6+ axb6 12. Be3 g5 13. Nd2 Rdg8 14. c4 Be6 15.
c5 dxc5 16. bxc5 b5 17. Rb1 Nd4 18. Bxd4 exd4 0-1

[Event "Challenge"]
[Site "http://www.queenalice.com/game.php?id=1791753"]
[Date "2022.6.30"]
[Round "-"]
[White "ricardoaurelio"]
[Black "CaptCrap"]
[Result "1-0"]
[WhiteElo "1973"]
[BlackElo "1449"]

1. e4 c5 2. Nc3 e5 3. Nf3 Nc6 4. d3 Nf6 5. Bg5 Be7 6. Nd5 d6 7. Nxe7 Qxe7 8. h3
Qe6 9. Be2 O-O 10. O-O Ne8 11. c3 f6 12. Be3 Ne7 13. d4 cxd4 14. cxd4 f5 15.
exf5 Nxf5 16. dxe5 dxe5 17. Rc1 Nxe3 18. fxe3 b6 19. Bc4 1-0

[Event "Challenge"]
[Site "http://www.queenalice.com/game.php?id=1793677"]
[Date "2022.8.3"]
[Round "-"]
[White "CaptCrap"]
[Black "chessman"]
[Result "0-1"]
[WhiteElo "1447"]
[BlackElo "2068"]

1. e4 e6 2. d4 d5 3. Nc3 dxe4 4. Nxe4 Nd7 5. Nf3 Ngf6 6. Bg5 Be7 7. Bd3 h6 8.
Bf4 Nxe4 9. Bxe4 Nf6 10. Bd3 O-O 11. O-O Bd6 12. Bg3 a6 13. c3 Bd7 14. Qe2 Bc6
15. Rad1 b5 16. Ne5 Bd5 17. a3 c5 18. f4 cxd4 19. cxd4 Qb6 20. Kh1 Rfc8 21. Bh4
Be7 22. f5 b4 23. axb4 Qxb4 24. h3 a5 25. Kh2 a4 26. Rf2 a3 27. bxa3 Qxa3 28.
Bxf6 Bxf6 29. fxe6 Bxe6 30. Qf3 Qd6 31. Kh1 Bxe5 32. dxe5 Qxe5 33. Rdf1 Ra1 34.
Rxa1 Qxa1+ 35. Kh2 Qe5+ 36. Qg3 Qxg3+ 37. Kxg3 Rc3 38. Rf3 Bc4 0-1